000 00855nam a2200265 a 4500
001 BRCA_8094
005 20190320210129.0
008 070414s1964----gw-####f##---#001-0#ger-#
041 _ager
044 _agw
050 4 _aHC286.5
_b.ER67
_c1964
100 1 _aErhard Ludwig
_920130
245 1 0 _aLa economía social de mercado
_bpolítica económica de Alemania
_cLudwig Erhard ; traducción del alemán por Manuel Scholz y Emma Gifre.
260 _aBarcelona
_bOmega
_c1964
300 _a434 p.
_bTablas
_c22 cm.
500 _aY135
500 _aDedicatoria del autor al señor Franz Mayer
650 1 4 _aEconomía
_zAlemania
_914494
650 1 4 _aMercado
_vPolíticas sociales
_zAlemania
_920131
650 1 4 _aFianazas
_zAlemania
_920132
700 1 _aScholz, Manuel
_etr.
_920133
700 1 _aGifre, Ema
_etr.
_920134
902 _aGFM
942 _2lcc
_cB
999 _c7762
_d7762